Zimní pohádky /

Ilustrovaná sbírka převyprávěných, oblíbených i méně známých pohádek z celého světa, které se odehrávají v zimním období.

Hlavní autor: Casey, Dawn, 1975-
Korporativní autor: Nakladatelství Albatros
Další autoři: Goldhawk, Zanna, Hubená, Božena, Houska, Kamil
Jazyk: Čeština
Vydáno: V Praze : Albatros, 2022
Vydání: 2. vydání
Témata:
Fyzický popis: 93 stran : barevné ilustrace ; 28 cm
Knihy
Uloženo v:
LEADER 02291nam a2200529 i 4500
001 nkc20223471380
003 CZ PrNK
005 20260424100024.0
007 ta
008 221109s2022 xr a b 000 j cze
015 |a cnb003471380 
020 |a 978-80-00-06800-8  |q (vázáno) :  |c Kč 399,00 
035 |a (OCoLC)1357138489 
040 |a ABG001  |b cze  |e rda 
041 1 |a cze  |h eng 
072 7 |a 821-93  |x Literatura pro děti a mládež (beletrie)  |2 Konspekt  |9 26 
080 |a 821-34  |2 MRF 
080 |a 821-93  |2 MRF 
080 |a (0:82-34)  |2 MRF 
100 1 |a Casey, Dawn,  |d 1975-  |7 xx0264887  |4 aut 
240 1 0 |a Winter tales.  |l Česky 
245 1 0 |a Zimní pohádky /  |c napsala Dawn Casey ; ilustrovala Zanna Goldhawk ; z anglického originálu Winter tales ... přeložili Božena Hubená a Kamil Houska 
250 |a 2. vydání 
264 1 |a V Praze :  |b Albatros,  |c 2022 
300 |a 93 stran :  |b barevné ilustrace ;  |c 28 cm 
336 |a text  |b txt  |2 rdacontent 
336 |a statický obraz  |b sti  |2 rdacontent 
337 |a bez média  |b n  |2 rdamedia 
338 |a svazek  |b nc  |2 rdacarrier 
500 |a Obálkový podnázev: příběhy z celého světa 
520 2 |a Ilustrovaná sbírka převyprávěných, oblíbených i méně známých pohádek z celého světa, které se odehrávají v zimním období.  |b Zima vždy byla časem vyprávění příběhů. S touto sbírkou pohádek, které oslavují divy zimního období, se vydáte do všech koutů světa a objevíte fantastické kraje pokryté ledem a sněhem - od Severní Ameriky přes Sibiř a Čínu až po Skotsko. Nakladatelská anotace. 
521 8 |a Pro děti od 5 let 
655 7 |a pohádky  |7 fd133054  |2 czenas 
655 7 |a publikace pro děti  |7 fd133156  |2 czenas 
655 9 |a fairy tales  |2 eczenas 
655 9 |a children's literature  |2 eczenas 
700 1 |a Goldhawk, Zanna  |7 mzk20181015555  |4 ill 
700 1 |a Hubená, Božena  |4 trl 
700 1 |a Houska, Kamil  |7 xx0343820  |4 trl 
710 2 |a Nakladatelství Albatros  |7 kn20010724027  |4 pbl 
910 2 |a BOA001  |b 3-1500.496 
920 |a 4677055  |z ABG001 
928 9 |a Albatros Media - Albatros 
990 |a BK 
995 |a 01 
991 |b 202212  |c NOV 
996 6 |b 2610924000  |c 3-1500.496  |l MZK  |r Sklad / do 1 hodiny  |n 1  |p p.v.  |w 001907845  |u 000010  |a 1  |e BOA001  |j MZK50  |s P